[Event "Patron CC-ch"]
[Site "Greece"]
[Date "2008.01.02"]
[Round "2"]
[White "Goutis, Aris Ilias"]
[Black "Spiliadis, Athanasios"]
[Result "1/2-1/2"]
[WhiteElo "1010"]
[BlackElo "1000"]
[PlyCount "60"]
[EventDate "2008.01.02"]
[EventType "swiss"]
[EventRounds "7"]
[EventCountry "GRE"]
[SourceTitle "EXT 2010"]
[Source "ChessBase"]
[SourceDate "2010.11.25"]
[SourceVersion "1"]
[SourceVersionDate "2010.11.25"]
[SourceQuality "1"]

1. d4 d5 2. Nc3 Nf6 3. g3 g6 4. Bg2 Bg7 5. Bg5 e6 6. e4 dxe4 7. Nxe4 Nbd7 8. Nf3 h6 9. Bxf6 Nxf6 10. Qd3 0-0 11. 0-0 Bd7 12. Qe3 Nd5 13. Qd2 Rc8 14. c4 Nb6 15. Rfc1 Bc6 16. Nc5 Nd7 17. d5 Nxc5 18. dxc6 Qxd2 19. Nxd2 Bxb2 20. cxb7 Rb8 21. Ne4 Nxe4 22. Bxe4 Bxa1 23. Rxa1 Rfd8 24. Rb1 Rd4 25. Bf3 Rxc4 26. Rb5 c6 27. Rb3 Kf8 28. a4 a5 29. Rb6 Ke7 30. Bxc6 Kd8 1/2-1/2